Slum as a way of life : (Record no. 5054)

MARC details
000 -LEADER
fixed length control field 00865cam a2200265 i 4500
001 - CONTROL NUMBER
control field 4570990
003 - CONTROL NUMBER IDENTIFIER
control field GBCCL
005 - DATE AND TIME OF LATEST TRANSACTION
control field 20241126110532.0
008 - FIXED-LENGTH DATA ELEMENTS--GENERAL INFORMATION
fixed length control field 760807s1975 ph 001 0 eng
010 ## -
-- 74077132
040 ## - CATALOGING SOURCE
Original cataloging agency DLC
Transcribing agency DLC
Modifying agency DLC
043 ## -
-- a-ph---
050 00 -
-- HV4145.M36
-- J62
082 00 - DEWEY DECIMAL CLASSIFICATION NUMBER
Classification number 301.441
Item number JOC
100 1# - MAIN ENTRY--PERSONAL NAME
Personal name Jocano, F. Landa.
9 (RLIN) 9115
245 10 - TITLE STATEMENT
Title Slum as a way of life :
Remainder of title a study of coping behavior in an urban environment /
Statement of responsibility, etc. by F. Landa Jocano.
260 ## - PUBLICATION, DISTRIBUTION, ETC.
Place of publication, distribution, etc. Quezon City :
Name of publisher, distributor, etc. University of the Philippines Press,
Date of publication, distribution, etc. 1975.
300 ## - PHYSICAL DESCRIPTION
Extent 203 p. ;
Dimensions 24 cm.
500 ## - GENERAL NOTE
General note Includes index.
650 #0 - SUBJECT ADDED ENTRY--TOPICAL TERM
Topical term or geographic name entry element Slums
Geographic subdivision Philippines
-- Manila.
9 (RLIN) 9116
650 #0 - SUBJECT ADDED ENTRY--TOPICAL TERM
Topical term or geographic name entry element Poor
Geographic subdivision Philippines
-- Manila.
9 (RLIN) 9117
650 #0 - SUBJECT ADDED ENTRY--TOPICAL TERM
Topical term or geographic name entry element Urban ecology (Sociology)
Geographic subdivision Philippines
-- Manila.
9 (RLIN) 9118
906 ## - LOCAL DATA ELEMENT F, LDF (RLIN)
a 7
b cbc
c orignew
d 4
e opcn
f 19
g y-gencatlg
942 ## - ADDED ENTRY ELEMENTS (KOHA)
Source of classification or shelving scheme Dewey Decimal Classification
Koha item type Books
Koha issues (borrowed), all copies 4
Holdings
Withdrawn status Lost status Source of classification or shelving scheme Damaged status Not for loan Home library Current Library Shelving location Date acquired Total checkouts Full call number Barcode Date last seen Date last checked out Copy number Price effective from Koha item type
    Dewey Decimal Classification     GRACE BIBLE COLLEGE GRACE BIBLE COLLEGE General Studies 2018-02-23 4 301.441 JOC 006220 2025-05-01 2019-02-25 c.1 2018-02-23 Books
© Grace Bible College Library 2025